000 00295nam a22001217a 4500
082 _a030
_bBRA/C
100 _aBRANDWEIN,PAUL F
245 _aCONCEPTS IN SCIENCE
260 _aCALIFORNIA
_bCALIFORNIA STATE DEPARTMENT OF EDUCATION
300 _a154
650 _aGENERAL KNOWLEDGE
_zUS
942 _cBK
999 _c2122
_d2122